| 000 | 02413cam a2200397 i 4500 | ||
|---|---|---|---|
| 999 |
_c36636 _d36636 |
||
| 001 | 36636 | ||
| 003 | Mx-PuUPA | ||
| 005 | 20201021111455.0 | ||
| 008 | 140415s2016 mx r 000 0 spa d | ||
| 020 | _a9786074174380 | ||
| 040 |
_aMX-PuUPA _bspa _erda _cMx-PuUPA _dMx-PuUPA |
||
| 041 | 0 | _aspa | |
| 130 | 1 | _aKierkegaard as a link between modern philosophy and the linguistic turn | |
| 245 | 1 | 0 |
_aKierkegaard y la filosofía analítica / _ccompilador y traductor, Alejandro Vázquez del Mercado. |
| 250 | _aPrimera edición | ||
| 264 | 1 |
_aCiudad de México : _bUniversidad Iberoamericana, _bBiblioteca Francisco Xavier Clavigero, _c2016 |
|
| 300 |
_a377 páginas ; _c21 cm. |
||
| 336 |
_atexto _2rdacontent _btxt |
||
| 337 |
_asin medio _2rdamedia _bn |
||
| 338 |
_avolumen _2rdacarrier _bnc |
||
| 600 | 1 | 4 |
_aKiergegaard, Søren, 1813-1855 _xCrítica e interpretación |
| 700 | 1 |
_iTraducción de: Vázquez del Mercado, Alejandro, _tKierkegaard as a link between modern philosophy and the linguistic turn. _lEspañol |
|
| 700 | 1 |
_aVázquez del Mercado Hernández, Alejandro, _ecompilador _etraductor _96249 |
|
| 700 | 1 |
_iTraducción de: _aAdams, Robert M. _t"Kiergegaards Arguments Against Objective Reasoning In Religion" en The Monist: An International Quarterly Journal of General Philosophical Inquiry, The Hegeler Institute, La Salle, Illinois, reproducido con autorización. |
|
| 700 | 1 |
_iTraducción de: _aCavell, Stanley, _t"kierkegaards On Authority and Revelation". |
|
| 700 | 1 |
_iTraducido de: _aConant, James, _t"Kierkegaard, Wittgestein and Nonsense" |
|
| 700 | 1 |
_iTraducido de: _aEvans, C. Stephen, _t"Realism and Antirealism in Kierkegaards Concluding Unscientific Postscript" |
|
| 700 | 1 |
_iTraducción de: _aLübcke, Poul, _t"A comparative and Critical Appraisal of Climacus" Theory of Modalities in the Interlude" |
|
| 700 | 1 |
_iTraducción de: _aRamsland, Katherine, _t"Gracie and Kierkegaard: Implication and communication". |
|
| 700 | 1 |
_iTraducción de: _aRudd, Anthony, _t"Reason in Ethics: MacIntyre an Kierkegaard". |
|
| 700 | 1 |
_iTraducción de la obra: _aStokes, Patrick, _t"Fearful Asimmetry: Kierkegaardss Search for the Direction of Time" |
|
| 700 | 1 |
_iTraducción de: _aStand, Narve. K, _t"Kierkegaard as a Link Between Modern Philosophy and the Linguistic Turn". |
|
| 942 |
_2ddc _cLI _h198.9 _iK475 |
||